00418nam a2200121Ia 4500001000800000005001700008008004100025020001800066245008100084260002200165999002100187952008800208126674220260417145120.0260417s9999 xx 000 0 und d a9786258317602 0aHz. Peygamber ve Çocuklar - Tüm İnsanların Peygamberi 1cVejdi Bilgin bBeyan Yayınları c1266742d1266742 00104070a1110b1110d2026-04-17l0p1110374r2026-04-17 14:51:20w2026-04-17yBK